Η χαμένη άνοιξη : μυθιστόρημα

Saved in:
Bibliographic Details
Main Author: Τσίρκας, Στρατής, 1911-1980
Format: Book
Language:Greek
Published: Αθήνα : Το Βήμα, c2020.
Edition:39η έκδ.
Series:Έλληνες πεζογράφοι
Subjects:
Tags: Add Tag
No Tags, Be the first to tag this record!

MARC

LEADER 00000cam a2200000 a 4500
001 1/121964
008 200819s2020####gr | ||| |||| ||gre||
020 |a 9786185433482 
040 |a GR-MyUa  |b gre  |c GR-MyUa  |e AACR2 
041 0 |a gre 
082 7 |a 889.334   |2 (23) 
100 1 |a Τσίρκας, Στρατής,   |d 1911-1980. 
245 1 2 |a Η χαμένη άνοιξη :   |b μυθιστόρημα /   |c Στρατή Τσίρκα.  
250 |a 39η έκδ.  
260 |a Αθήνα :   |b Το Βήμα,   |c c2020.  
300 |a 258 . ;   |c 21 εκ.  
490 1 |a (Έλληνες Πεζογράφοι)  
500 |a Ειδική έκδοση για την εφημερίδα ΤΟ ΒΗΜΑ.  
650 0 |a Greek fiction. 
650 0 |a Greek literature, Modern. 
830 0 |a Έλληνες πεζογράφοι 
852 |a INST  |b RHODES  |e 20200819  |h 889.334 ΤΣΙ  |p 005400041658  |q 005400041658  |t BK  |y 0 
920 |a Βιβλιοθήκη Τράπεζας της Ελλάδος  |y Ρόδος  |z 2020-07 
970 |z 19/08/2020